1997 IWRAW to CEDAW country reports on Saint Vincent and the Grenadines Slovenia, Morocco, Turkey, Philippines: (Record no. 2158)

MARC details
000 -LEADER
fixed length control field 008230000a22001930004500
003 - CONTROL NUMBER IDENTIFIER
control field LK-CoMWRAF
005 - DATE AND TIME OF LATEST TRANSACTION
control field 20231215000524.0
008 - FIXED-LENGTH DATA ELEMENTS--GENERAL INFORMATION
fixed length control field 230817t1997 ||||| |||| 00| 0 eng d
040 ## - CATALOGING SOURCE
Original cataloging agency LK-CoMWRAF
Modifying agency LK-CoMWRAF
Description conventions LK-CoMWRAF
041 ## - LANGUAGE CODE
Language code of text/sound track or separate title English
082 ## - DEWEY DECIMAL CLASSIFICATION NUMBER
Classification number 305.4
Item number INT
942 ## - ADDED ENTRY ELEMENTS (KOHA)
Koha item type Books
110 ## - MAIN ENTRY--CORPORATE NAME
Corporate name or jurisdiction name as entry element International Women's Rights Action Watch
245 ## - TITLE STATEMENT
Title 1997 IWRAW to CEDAW country reports on Saint Vincent and the Grenadines Slovenia, Morocco, Turkey, Philippines:
Remainder of title Independent information for the sixteenth session of the Committee on the Elimination of Discrimination Against Women (CEDAW)
260 ## - PUBLICATION, DISTRIBUTION, ETC. (IMPRINT)
Place of publication, distribution, etc. Minneapolis:
Name of publisher, distributor, etc. Hubert H. Humphrey Institute of Public Affairs, University of Minnesota,
Date of publication, distribution, etc. 1996
300 ## - PHYSICAL DESCRIPTION
Extent 64 p.; 28 cm
650 ## - SUBJECT ADDED ENTRY--TOPICAL TERM
Topical term or geographic name as entry element Sex discrimination against women
650 ## - SUBJECT ADDED ENTRY--TOPICAL TERM
Topical term or geographic name as entry element Women- Legal status, laws, etc
Holdings
Withdrawn status Lost status Damaged status Not for loan Permanent Location Current Location Date acquired Full call number Barcode Koha item type
        Resource center, Muslim Women's Research And Action Forum Resource center, Muslim Women's Research And Action Forum 2023-08-17 305.4 INT RAF3557 Books

Copyright © 2023 Muslim Women's Research and Action Forum (MWRAF), No 27/3, Anderson Road, Kalubowila, Dehiwela. Funded by The Asia Fundation